Phân tích hiệu quả sản xuất các hệ thống canh tác chủ lực trên nền đất lúa ở vùng bị ảnh hưởng phèn, mặn tại đồng bằng Sông Cửu Long (Luận văn Thạc sĩ Khoa học, chuyên ngành Phát triển nông thôn)

Guardado en:
Detalles Bibliográficos
Autor principal: Nguyễn, Út Nhỏ
Formato: Libro
Lenguaje:Undetermined
Publicado: Cần Thơ Trường Đại học Cần Thơ 2014
Materias:
Etiquetas: Agregar Etiqueta
Sin Etiquetas, Sea el primero en etiquetar este registro!
Thư viện lưu trữ: Trung tâm Học liệu Trường Đại học Cần Thơ
LEADER 00862nam a2200193Ia 4500
001 CTU_197618
008 210402s9999 xx 000 0 und d
082 |a 633.18 
082 |b Nh400 
088 |a 60620116 
100 |a Nguyễn, Út Nhỏ 
245 0 |a Phân tích hiệu quả sản xuất các hệ thống canh tác chủ lực trên nền đất lúa ở vùng bị ảnh hưởng phèn, mặn tại đồng bằng Sông Cửu Long 
245 0 |b (Luận văn Thạc sĩ Khoa học, chuyên ngành Phát triển nông thôn) 
245 0 |c Nguyễn Út Nhỏ; Lê Cảnh Dũng (hướng dẫn khoa học) 
260 |a Cần Thơ 
260 |b Trường Đại học Cần Thơ 
260 |c 2014 
650 |a Rice research 
980 |a Trung tâm Học liệu Trường Đại học Cần Thơ